[Event "4NCL Div 1 2018-19"]
[Site "Daventry"]
[Date "2018.11.10"]
[Round "1"]
[White "Maroroa, Sue"]
[Black "Smith, Lynda"]
[Result "1-0"]
[WhiteElo "2104"]
[BlackElo "1930"]
[Annotator "NA"]
[PlyCount "101"]
[EventDate "2018.11.10"]
[EventType "team-tourn"]
[EventCountry "GBR"]
[SourceTitle "playchess.com"]
[Source "ChessBase"]
[SourceQuality "1"]
[TimeControl "40/6000+30:3000+30"]

1. e4 {[%emt 0:03:11]} c5 {[%emt 0:02:04]} 2. c3 {[%emt 0:00:07]} g6 {[%emt 0:00:18]} 3. d4 {[%emt 0:00:05]} cxd4 {[%emt 0:00:08]} 4. cxd4 {[%emt 0:00:06]} d5 {[%emt 0:00:03]} 5. e5 {[%emt 0:00:07]} Nc6 {[%emt 0:00:17]} 6. Nc3 {[%emt 0:00:19]} Bg7 {[%emt 0:00:20]} 7. h3 {[%emt 0:00:09]} Nh6 {[%emt 0:00:34] B22: Sicilian: 2 c3} 8. g4 {[%emt 0:00:20]} f6 {[%emt 0:06:58]} 9. f4 {[%emt 0:00:06]} fxe5 {[%emt 0:05:59]} 10. fxe5 {[%emt 0:00:09]} O-O {[%emt 0:01:59]} 11. Bg2 {[%emt 0:00:11]} e6 {[%emt 0:01:44]} 12. Nf3 {[%emt 0:00:07]} b6 $146 {[%emt 0:06:14]} ({Predecessor:} 12... Nf7 13. O-O b6 14. Be3 Ba6 15. Rf2 {½-½ (56) Sveshnikov,V (2394)-Kulaots,K (2560) Tallinn 2014}) 13. O-O {[%emt 0:09:10]} Ba6 {[%emt 0:01:23]} 14. Rf2 {[%emt 0:01:11]} Qd7 {[%emt 0:01:50]} 15. Be3 {[%emt 0:02:44]} Na5 {[%emt 0:04:01]} 16. b3 {[%emt 0:09:59]} Rac8 {[%emt 0:03:54]} 17. Qd2 {[%emt 0:02:41]} Nf7 {[%emt 0:00:39]} 18. Bf1 {[%emt 0:04:51]} Bxf1 {[%emt 0:00:59]} 19. Raxf1 {[%emt 0:00:05]} Nc6 {[%emt 0:07:49]} 20. Ne1 {[%emt 0:02:15]} Qd8 {[%emt 0:06:57]} 21. Nf3 {[%emt 0:02:01]} a5 {[%emt 0:09:15]} 22. Na4 {[%emt 0:06:11]} Qc7 {[%emt 0:06:54]} 23. Rc1 {[%emt 0:02:16]} Rb8 {[%emt 0:10:02]} 24. Qe2 {[%emt 0:05:00]} Rfc8 {[%emt 0:03:20]} 25. Qb5 {[%emt 0:01:11]} Nfd8 {[%emt 0:02:07]} 26. Rfc2 {[%emt 0:05:29]} h6 {[%emt 0:04:03]} 27. Kg2 {[%emt 0:08:44]} g5 {[%emt 0:02:26]} 28. Bd2 {[%emt 0:12:19]} Qb7 {[%emt 0:06:20]} 29. Be1 {[%emt 0:09:21]} Bf8 {[%emt 0:02:09]} 30. h4 {[%emt 0:00:36]} Ba3 {[%emt 0:01:13]} 31. Rd1 {[%emt 0:00:46]} Nf7 {[%emt 0:01:26]} 32. Qd3 {[%emt 0:01:43]} Ne7 {[%emt 0:01:20]} 33. Rf2 {[%emt 0:00:10]} Rf8 {[%emt 0:01:23]} 34. hxg5 {[%emt 0:00:53]} Nxg5 {[%emt 0:01:53]} 35. Nxg5 {[%emt 0:00:51]} hxg5 {[%emt 0:00:24]} 36. Rf6 {[%emt 0:04:28]} b5 {[%emt 0:04:15]} 37. Nc3 {[%emt 0:06:46]} Qd7 {[%emt 0:01:59]} 38. Bd2 {[%emt 0:00:23]} Rxf6 {[%emt 0:02:03]} 39. exf6 {[%emt 0:00:25]} e5 {[%emt 0:01:21]} 40. fxe7 {[%emt 0:00:54]} Qxg4+ {[%emt 0:00:42]} 41. Qg3 {[%emt 0:50:07]} Qxg3+ {[%emt 0:03:44]} 42. Kxg3 {[%emt 0:00:00]} Bxe7 {[%emt 0:00:33]} 43. dxe5 {[%emt 0:00:00]} d4 {[%emt 0:01:17]} 44. Nd5 {[%emt 0:00:00]} Bd8 {[%emt 0:01:18]} 45. Kg4 {[%emt 0:00:00]} a4 {[%emt 0:00:37]} 46. Bxg5 {[%emt 0:00:00]} axb3 $18 {[%emt 0:01:02]} 47. axb3 {[%emt 0:00:00]} Bxg5 {[%emt 0:02:00]} 48. Kxg5 {[%emt 0:00:00]} Kf7 {[%emt 0:00:28]} 49. Kf5 {[%emt 0:00:00]} Rh8 {[%emt 0:00:38]} 50. e6+ {[%emt 0:00:00]} Ke8 {[%emt 0:00:22]} 51. Nf6+ {[%emt 0:00:00]} 1-0

[Event "4NCL Div 1 2018-19"]
[Site "Daventry"]
[Date "2018.11.10"]
[Round "1"]
[White "Lauterbach, Ingrid"]
[Black "Redmond, John P."]
[Result "0-1"]
[WhiteElo "2027"]
[BlackElo "2175"]
[Annotator "NA"]
[PlyCount "136"]
[EventDate "2018.11.10"]
[EventType "team-tourn"]
[EventCountry "GBR"]
[SourceTitle "playchess.com"]
[Source "ChessBase"]
[SourceQuality "1"]
[TimeControl "40/6000+30:3000+30"]

1. Nf3 {[%emt 0:00:00]} Nf6 {[%emt 0:00:00]} 2. g3 {[%emt 0:00:00]} c5 {[%emt 0:00:01]} 3. Bg2 {[%emt 0:01:27]} Nc6 {[%emt 0:00:11]} 4. c4 {[%emt 0:04:00]} d5 {[%emt 0:07:20]} 5. cxd5 {[%emt 0:03:00]} Nxd5 {[%emt 0:00:04]} 6. O-O {[%emt 0:00:18]} e5 {[%emt 0:03:46]} 7. d3 {[%emt 0:00:59]} Be7 {[%emt 0:01:19]} 8. Nc3 {[%emt 0:12:31]} Nc7 {[%emt 0:06:03]} 9. b3 {[%emt 0:06:49]} O-O {[%emt 0:01:03]} 10. Bb2 {[%emt 0:00:38]} Re8 {[%emt 0:07:49] A34: Englische Eröffnung (Symmetrische Variante)} (10... Be6 11. Rc1 f6 12. e3 Qd7 13. Qe2 Rfd8 14. Rfd1 Rac8 15. Ne4 Na6 16. Rd2 Kh8 17. Rcd1 Bg4 18. Qf1 f5 19. Nc3 Bf6 {0-1 (36) Iturrizaga Bonelli,E (2636)-Vidit,S (2711) chess.com INT 2018}) 11. Rc1 {[%emt 0:03:50]} Bf8 {[%emt 0:02:05]} 12. Na4 {[%emt 0:09:39]} b6 $146 {[%emt 0:07:31]} ({Vorgänger:} 12... Na6 13. Qd2 Bd7 14. Rfd1 Rb8 15. e3 f6 16. Nc3 Bg4 17. h3 Bh5 18. Ne2 {0-1 (69) Kovacs,D (2024)-Vargyas,Z (2106) Hungary 2009}) 13. a3 {[%emt 0:09:46]} Bd7 {[%emt 0:09:56]} 14. Nd2 {[%emt 0:05:35]} Rc8 {[%emt 0:05:55]} 15. b4 {[%emt 0:04:36]} Nd4 {[%emt 0:01:29]} 16. Bxd4 {[%emt 0:07:31]} cxd4 {[%emt 0:00:45]} 17. f4 {[%emt 0:00:51]} exf4 {[%emt 0:06:14]} 18. Rxf4 {[%emt 0:01:16]} Ne6 {[%emt 0:01:23]} 19. Rxc8 {[%emt 0:03:00]} Qxc8 {[%emt 0:00:19]} 20. Rf2 {[%emt 0:01:55]} b5 {[%emt 0:04:21]} 21. Nc5 {[%emt 0:02:28]} Nxc5 {[%emt 0:00:20]} 22. bxc5 {[%emt 0:00:06]} Qxc5 {[%emt 0:01:50]} 23. Ne4 {[%emt 0:05:47]} Qe5 {[%emt 0:01:50]} 24. Qa1 {[%emt 0:04:12]} Be6 {[%emt 0:07:33]} 25. e3 {[%emt 0:04:25]} Rd8 {[%emt 0:01:24]} 26. Rf4 {[%emt 0:02:51]} Kh8 {[%emt 0:05:15]} 27. Kh1 {[%emt 0:01:36]} Be7 {[%emt 0:10:27]} 28. Qb2 {[%emt 0:11:51]} a6 {[%emt 0:02:09]} 29. h4 {[%emt 0:01:24]} f6 {[%emt 0:01:26]} 30. exd4 {[%emt 0:00:54]} Qxd4 {[%emt 0:01:16]} 31. Nc3 {[%emt 0:00:47]} Qd7 {[%emt 0:04:52]} 32. d4 {[%emt 0:00:34]} Bd6 {[%emt 0:00:20]} 33. Rf3 {[%emt 0:00:22]} Bh3 {[%emt 0:04:23]} 34. Ne4 {[%emt 0:00:37]} Bf8 {[%emt 0:01:36]} 35. Rd3 {[%emt 0:00:47]} Bxg2+ {[%emt 0:00:48]} 36. Qxg2 {[%emt 0:00:30]} Qd5 {[%emt 0:00:24]} 37. Nf2 {[%emt 0:00:27]} Kg8 {[%emt 0:01:09]} 38. Qxd5+ {[%emt 0:00:24]} Rxd5 {[%emt 0:00:07]} 39. Ne4 {[%emt 0:00:17]} b4 {[%emt 0:01:59]} 40. axb4 {[%emt 0:00:38]} Bxb4 {[%emt 0:00:09]} 41. Kg2 {[%emt 0:50:58]} a5 {[%emt 0:52:53]} 42. Kf3 {[%emt 0:00:00]} Kf7 {[%emt 0:00:00]} 43. Nd2 {[%emt 0:00:00]} Bxd2 {[%emt 0:00:00]} 44. Rxd2 {[%emt 0:00:00]} a4 {[%emt 0:00:00]} 45. Ke4 {[%emt 0:00:00]} Ra5 {[%emt 0:00:00]} 46. d5 {[%emt 0:00:00]} a3 {[%emt 0:00:00]} 47. Ra2 {[%emt 0:00:00]} Ke7 {[%emt 0:00:00]} 48. Kd4 {[%emt 0:00:00]} Kd6 {[%emt 0:00:00]} 49. Kc4 {[%emt 0:00:00]} h5 {[%emt 0:00:00]} 50. Kb4 {[%emt 0:00:00]} Ra8 {[%emt 0:00:00]} 51. Kc4 {[%emt 0:00:00]} Ra7 {[%emt 0:00:00]} 52. Kb3 {[%emt 0:00:00]} Kxd5 {[%emt 0:00:00]} 53. Rd2+ {[%emt 0:00:00]} Ke4 {[%emt 0:00:00]} 54. Ka2 {[%emt 0:00:00]} Kf3 {[%emt 0:00:00]} 55. Rd3+ {[%emt 0:00:00]} Kg4 {[%emt 0:00:00]} 56. Rc3 {[%emt 0:00:00]} g5 {[%emt 0:00:00]} 57. hxg5 {[%emt 0:00:00]} fxg5 {[%emt 0:00:00]} 58. Rd3 {[%emt 0:00:00]} h4 {[%emt 0:00:00]} 59. gxh4 {[%emt 0:00:00]} Kxh4 {[%emt 0:00:00]} 60. Rd8 {[%emt 0:00:00]} g4 {[%emt 0:00:00]} 61. Rh8+ {[%emt 0:00:00]} Kg3 {[%emt 0:00:00]} 62. Rg8 {[%emt 0:00:00]} Kf3 {[%emt 0:00:00]} 63. Rg6 {[%emt 0:00:00]} g3 {[%emt 0:00:00]} 64. Rf6+ {[%emt 0:00:00]} Kg2 {[%emt 0:00:00]} 65. Rc6 {[%emt 0:00:00]} Kg1 {[%emt 0:00:00]} 66. Rg6 {[%emt 0:00:00]} g2 {[%emt 0:00:00]} 67. Rc6 {[%emt 0:00:00]} Rg7 {[%emt 0:00:00]} 68. Kxa3 {[%emt 0:00:00]} Kf2 {[%emt 0:00:00]} 0-1

[Event "4NCL Div 1 2018-19"]
[Site "Daventry"]
[Date "2018.11.10"]
[Round "1"]
[White "Duggan, Christopher"]
[Black "Cooper, Lawrence H"]
[Result "0-1"]
[WhiteElo "2022"]
[BlackElo "2335"]
[Annotator "TA"]
[PlyCount "132"]
[EventDate "2018.11.10"]
[EventType "team-tourn"]
[EventCountry "GBR"]
[SourceTitle "playchess.com"]
[Source "ChessBase"]
[SourceQuality "1"]

{[%evp 20,132,13,0,6,0,3,-4,0,-47,-47,-55,-34,-66,23,-12,-11,-7,2,-31,-15,-45,-50,-33,-50,-61,-37,-46,-33,-31,-37,-30,-49,-37,-42,-93,-26,-52,-8,-9,0,0,26,-91,-6,-6,0,6,31,32,51,-102,-109,-96,-60,-70,-75,-116,-127,-116,-118,-114,-121,-130,-121,-117,-70,-99,-107,-106,0,0,0,-5,0,0,0,0,0,-7,-6,-86,0,0,0,0,0,0,0,0,0,0,0,0,0,-892,-826,-748,-781,-720,-704,-690,-646,-591,-505,-29976,-29977,-29983,-29984,-29982,-29983,-29991,-29992,-29994,-29993]} 1. e4 e5 2. Nf3 Nc6 3. Bb5 a6 4. Ba4 Nf6 5. d3 b5 6. Bb3 Be7 7. c3 d6 8. Nbd2 {C77: Ruy Lopez: 3...a6 4 Ba4 Nf6, unusual lines} Na5 9. Bc2 c5 10. O-O O-O 11. a4 {LiveBook: 7 Games} (11. Re1 Re8 12. Nf1 Nc6 13. Ne3 h6 14. Bb3 Na5 15. Bd5 Nxd5 16. exd5 Bf8 17. b4 Nb7 18. Bb2 Bd7 19. a3 a5 20. Nd2 Qg5 {1-0 (68) Anton Guijarro,D (2634)-Aronian,L (2784) Berlin 2015}) 11... Be6 12. d4 $146 ({Predecessor:} 12. Re1 Qc7 13. Nf1 Nc6 14. Qe2 h6 15. Ng3 Rad8 16. axb5 axb5 17. d4 cxd4 18. cxd4 Bg4 19. Nf5 Nxd4 20. N5xd4 exd4 21. Bd3 d5 {0-1 (40) Goldenberg,D (2310)-Ganguly,S (2498) Yerevan 2000}) 12... Qc7 13. d5 Bd7 14. Ne1 c4 15. h3 g6 16. g4 Ne8 ({Black should try} 16... h5 $15 17. g5 Nh7) 17. Kh2 Ng7 18. Rg1 Nb7 19. Qf3 Nc5 20. axb5 axb5 21. Rxa8 Rxa8 22. Qg3 Bg5 23. Ng2 $1 Ra1 24. f4 exf4 25. Nxf4 Bf6 {Threatens to win with ...g5.} 26. Nf3 Ne8 27. Ne2 (27. Qg2 $15) 27... b4 (27... Nd3 $17 {Hoping for ...Ra2.} 28. Bg5 Ra2) 28. Be3 Ra2 29. cxb4 Na6 30. Bd4 $1 Nxb4 (30... c3 $5 {[%cal Ra6b4]} 31. Bxf6 Nxf6 $11) 31. Rc1 {[#]} (31. Bb1 $1 $11 Rxb2 32. Bxb2 Bxb2 33. Qf2) 31... Bxd4 ({Better is} 31... c3 $1 $17 {[%cal Rc3b2][%mdl 512]} 32. Bxc3 (32. bxc3 Nxc2) 32... Bxc3 33. Nxc3 Rxb2) 32. Nfxd4 $11 Nxc2 33. Rxc2 Qb6 34. Qc3 Ba4 35. Qxc4 $2 (35. Rd2 $1 $14 {stays ahead.}) 35... Bxc2 $17 36. Qxa2 {Black must now prevent Qa8.} Bxe4 37. Qa4 ({Reject} 37. Qa8 Kf8 $17) 37... Kf8 $1 38. Ne6+ fxe6 {[%cal Rb6f2,Bf7e6,Be6e5][%mdl 32]} 39. Qxe4 e5 $1 40. Qf3+ Ke7 41. b3 Qc5 42. g5 Qc2 43. Kg3 Qd2 44. h4 Qe1+ (44... h6 $1 $17 45. Kg4 hxg5 46. hxg5 Nc7) 45. Kh3 $11 Qd1 46. Kg3 Nc7 47. Qf6+ Kd7 48. Qf7+ Kc8 49. Kf2 Nxd5 50. Qg8+ {[#]} (50. Qxh7 $11 {keeps the balance.} e4 51. Qf7) 50... Kc7 ({Black should play} 50... Kd7 $1 $17 51. Qxh7+ Ne7) 51. Qxh7+ Kc6 {...e4 is the strong threat.} 52. Qxg6 Qxe2+ $1 53. Kxe2 {White threatens Qe4 and mate.} Nf4+ 54. Kf3 Nxg6 {[%mdl 4096] Endgame KN-K3P} 55. h5 Ne7 56. h6 Kd5 {And now ...Ke6 would win.} 57. Kg4 $2 {[%mdl 8192]} (57. h7 $11 Ng6 58. b4 e4+ 59. Kg4) 57... Ke6 $19 58. b4 {[#]} d5 $1 59. b5 d4 60. h7 Ng6 61. b6 {Strongly threatening b7.} d3 {( -> ...d2)} 62. Kf3 (62. b7 $19 d2 63. b8=Q d1=Q+ 64. Kg3 Qe1+ 65. Kf3 Qh1+ 66. Kg3 Qh4+ 67. Kf3 Qh3+ 68. Ke4 Qg4+ 69. Kd3 Qh3+ 70. Ke4 Qf5+ 71. Ke3 Qxg5+ 72. Kd3 Qg3+ 73. Kd2 Qh2+ 74. Ke1 Qh1+ 75. Kf2 Qxh7 76. Qc8+ Kf6 77. Qd8+ Qe7 78. Qb6+ Kf5 79. Qb3) 62... Kd6 {Black mates.} 63. Ke4 d2 64. Kf5 Nh8 65. g6 d1=Q 66. g7 Qh5+ {Precision: White = 41%, Black = 55%.} 0-1

[Event "4NCL Div 1 2018-19"]
[Site "Daventry"]
[Date "2018.11.10"]
[Round "1"]
[White "Guha, Chirag"]
[Black "Walton, Alan J"]
[Result "0-1"]
[WhiteElo "2012"]
[BlackElo "2140"]
[Annotator "NA"]
[PlyCount "62"]
[EventDate "2018.11.10"]
[EventType "team-tourn"]
[EventCountry "GBR"]
[SourceTitle "playchess.com"]
[Source "ChessBase"]
[SourceQuality "1"]
[TimeControl "40/6000+30:3000+30"]

1. d4 {[%emt 0:00:00]} e6 {[%emt 0:00:00]} 2. c4 {[%emt 0:00:00]} f5 {[%emt 0:00:54]} 3. g3 {[%emt 0:00:00]} Nf6 {[%emt 0:00:15]} 4. Bg2 {[%emt 0:00:04]} Be7 {[%emt 0:00:55]} 5. Nf3 {[%emt 0:00:27]} d6 {[%emt 0:01:07]} 6. O-O {[%emt 0:00:11]} O-O {[%emt 0:00:17]} 7. Nc3 {[%emt 0:04:12]} Ne4 {[%emt 0:01:06]} 8. Qc2 {[%emt 0:12:06]} Nxc3 {[%emt 0:01:02]} 9. bxc3 {[%emt 0:02:29]} Nc6 {[%emt 0:01:35]} 10. Rd1 {[%emt 0:13:07]} Qe8 {[%emt 0:01:56]} 11. d5 {[%emt 0:12:59]} Na5 {[%emt 0:00:06]} 12. dxe6 {[%emt 0:12:33]} Bxe6 {[%emt 0:01:24]} 13. Nd4 {[%emt 0:00:54]} Bxc4 {[%emt 0:09:35]} 14. e4 {[%emt 0:05:19]} fxe4 {[%emt 0:08:48]} 15. Bxe4 {[%emt 0:00:27]} Qh5 {[%emt 0:02:45]} 16. Nf5 {[%emt 0:08:04]} Rae8 $17 {[%emt 0:03:42]} 17. Bd5+ {[%emt 0:09:00]} Kh8 {[%emt 0:00:08]} 18. Ne3 {[%emt 0:07:49]} Ba6 {[%emt 0:03:37]} 19. Qa4 {[%emt 0:11:14]} b6 {[%emt 0:02:30]} 20. Bd2 {[%emt 0:04:24]} Qe2 {[%emt 0:01:08]} 21. Be1 {[%emt 0:00:14]} Bg5 {[%emt 0:00:25]} 22. Rd2 {[%emt 0:00:40]} Qh5 {[%emt 0:00:11]} 23. Qd4 {[%emt 0:02:59]} c5 {[%emt 0:02:04]} 24. Qa4 {[%emt 0:01:08]} Rxe3 {[%emt 0:00:23]} 25. fxe3 {[%emt 0:01:17]} Bxe3+ {[%emt 0:00:06]} 26. Bf2 {[%emt 0:00:21]} Bxd2 {[%emt 0:00:25]} 27. c4 {[%emt 0:00:29]} Qe2 {[%emt 0:01:03]} 28. Rf1 {[%emt 0:00:35]} Be3 {[%emt 0:00:08]} 29. Bf7 {[%emt 0:00:42]} Bb7 {[%emt 0:00:37]} 30. Qd7 {[%emt 0:00:29]} Qf3 {[%emt 0:00:10]} 31. Bd5 {[%emt 0:00:21]} Bxf2+ {[%emt 0:00:05]} 0-1

[Event "4NCL Div 1 2018-19"]
[Site "Daventry"]
[Date "2018.11.10"]
[Round "1"]
[White "Webster, David"]
[Black "Yurenok, Maria S"]
[Result "1-0"]
[WhiteElo "1964"]
[BlackElo "2005"]
[Annotator "NA"]
[PlyCount "111"]
[EventDate "2018.11.10"]
[EventType "team-tourn"]
[EventCountry "GBR"]
[SourceTitle "playchess.com"]
[Source "ChessBase"]
[SourceQuality "1"]
[TimeControl "40/6000+30:3000+30"]

1. e4 {[%emt 0:00:00]} c5 {[%emt 0:00:00]} 2. Nf3 {[%emt 0:00:00]} e6 {[%emt 0:00:00]} 3. d3 {[%emt 0:00:00]} Nc6 {[%emt 0:00:00]} 4. g3 {[%emt 0:00:00]} g6 {[%emt 0:01:15]} 5. Bg2 {[%emt 0:00:33]} Bg7 {[%emt 0:00:10]} 6. O-O {[%emt 0:00:13]} Nge7 {[%emt 0:00:48]} 7. c3 {[%emt 0:00:32]} d5 {[%emt 0:12:13]} 8. Nbd2 {[%emt 0:01:41]} O-O {[%emt 0:02:32]} 9. Re1 {[%emt 0:03:12]} b6 {[%emt 0:44:04]} 10. e5 {[%emt 0:06:54]} Ba6 {[%emt 0:06:49]} 11. Nf1 {[%emt 0:02:23] A08: King's Indian Attack} h6 {[%emt 0:07:23]} (11... Qc7 12. Bf4 Rac8 13. Qd2 d4 14. c4 Nb8 15. Re2 Nd7 16. Bh6 Bb7 17. Bxg7 Kxg7 18. Rae1 Bxf3 19. Bxf3 Nc6 20. Bxc6 Qxc6 {1-0 (46) Vila Gazquez,X (2472)-Akbarinia,S (2403) Barcelona 2016}) 12. h4 {[%emt 0:03:05]} Rc8 {[%emt 0:03:57]} 13. Bf4 {[%emt 0:03:15]} Nf5 {[%emt 0:10:12]} 14. Qd2 $146 {[%emt 0:04:39]} ({Predecessor:} 14. Bh3 b5 15. Qd2 Kh7 16. h5 g5 17. Bxf5+ exf5 18. Bxg5 hxg5 19. Nxg5+ {1-0 (44) Lomakina,G (2231)-Yuganova,M (1900) Tula 2007}) 14... f6 {[%emt 0:06:24]} 15. g4 {[%emt 0:15:34]} fxe5 {[%emt 0:02:48]} 16. gxf5 {[%emt 0:00:36]} exf4 {[%emt 0:00:06]} 17. Rxe6 {[%emt 0:07:51]} gxf5 {[%emt 0:00:35]} 18. Qxf4 {[%emt 0:10:38]} Qc7 {[%emt 0:01:26]} 19. Qd2 {[%emt 0:04:27]} Rce8 {[%emt 0:04:00]} 20. Rae1 {[%emt 0:05:27]} Qd7 {[%emt 0:02:43]} 21. Rxe8 {[%emt 0:02:35]} Rxe8 {[%emt 0:00:04]} 22. Rxe8+ {[%emt 0:03:13]} Qxe8 {[%emt 0:00:05]} 23. Ng3 {[%emt 0:03:05]} Bc8 {[%emt 0:00:29]} 24. Qf4 {[%emt 0:02:13]} Qf7 {[%emt 0:02:44]} 25. Bh3 {[%emt 0:05:23]} Be6 {[%emt 0:00:58]} 26. Bxf5 {[%emt 0:04:03]} Bxf5 {[%emt 0:00:39]} 27. Nxf5 {[%emt 0:01:44]} Ne7 {[%emt 0:00:30]} 28. Nxe7+ {[%emt 0:02:32]} Qxe7 {[%emt 0:00:05]} 29. Qf5 {[%emt 0:05:15]} Qd6 {[%emt 0:00:13]} 30. h5 {[%emt 0:01:37]} Kh8 {[%emt 0:00:52]} 31. Nh4 {[%emt 0:01:07]} d4 {[%emt 0:00:52]} 32. Qf7 {[%emt 0:00:38]} Qf6 {[%emt 0:00:27]} 33. Ng6+ {[%emt 0:00:10]} Kh7 {[%emt 0:00:06]} 34. Qxf6 {[%emt 0:01:07]} Bxf6 {[%emt 0:00:04]} 35. c4 {[%emt 0:00:12]} Kg7 {[%emt 0:00:28]} 36. Kg2 {[%emt 0:00:54]} a6 {[%emt 0:00:14]} 37. Kf3 {[%emt 0:00:51]} Kf7 {[%emt 0:00:33]} 38. Ke4 {[%emt 0:00:26]} b5 {[%emt 0:01:02]} 39. Kd5 {[%emt 0:00:59]} bxc4 {[%emt 0:00:07]} 40. Kxc4 {[%emt 0:00:07]} Ke6 {[%emt 0:00:41]} 41. Kxc5 {[%emt 0:51:52]} Kf5 {[%emt 0:50:32]} 42. Kd5 {[%emt 0:00:00]} Kg4 {[%emt 0:00:00]} 43. Ke4 {[%emt 0:00:00]} Kxh5 {[%emt 0:00:00]} 44. Kf5 {[%emt 0:00:00]} Bd8 {[%emt 0:00:00]} 45. b4 {[%emt 0:00:00]} Bg5 {[%emt 0:00:00]} 46. a4 {[%emt 0:00:00]} Bd2 {[%emt 0:00:00]} 47. b5 {[%emt 0:00:00]} axb5 {[%emt 0:00:00]} 48. axb5 $18 {[%emt 0:00:00]} Ba5 {[%emt 0:00:00]} 49. Nf4+ {[%emt 0:00:00]} Kh4 {[%emt 0:00:00]} 50. Nd5 {[%emt 0:00:00]} h5 {[%emt 0:00:00]} 51. b6 {[%emt 0:00:00]} Bxb6 {[%emt 0:00:00]} 52. Nxb6 {[%emt 0:00:00]} Kh3 {[%emt 0:00:00]} 53. Nd5 {[%emt 0:00:00]} Kg2 {[%emt 0:00:00]} 54. Nf4+ {[%emt 0:00:00]} Kxf2 {[%emt 0:00:00]} 55. Nxh5 {[%emt 0:00:00]} Ke3 {[%emt 0:00:00]} 56. Nf4 {[%emt 0:00:00]} 1-0

[Event "4NCL Div 1 2018-19"]
[Site "Daventry"]
[Date "2018.11.10"]
[Round "1"]
[White "Cooke, Suzie G."]
[Black "Hebden, Mark L"]
[Result "0-1"]
[WhiteElo "1940"]
[BlackElo "2425"]
[Annotator "TA"]
[PlyCount "114"]
[EventDate "2018.11.10"]
[EventType "team-tourn"]
[EventCountry "GBR"]
[SourceTitle "playchess.com"]
[Source "ChessBase"]
[SourceQuality "1"]

{[%evp 9,114,-4,-12,-10,47,43,45,46,59,13,15,5,12,0,0,0,0,-2,0,0,0,0,0,0,0,0,9,-26,-26,-22,-22,-22,-22,-22,-7,-7,-3,-3,-2,-5,0,-189,0,0,0,0,0,0,0,0,0,0,0,0,0,0,0,0,0,0,0,0,0,0,0,0,0,0,0,0,0,0,0,0,0,0,0,0,0,0,0,0,0,0,0,0,0,0,0,0,0,0,-7,-2,0,-123,-118,-185,0,-154,-152,-1754,-1360,-29995,-29996,-29998,-29999]} 1. d4 Nf6 2. Bf4 g6 3. Nf3 Bg7 4. Nbd2 O-O 5. e4 (5. c3 Nh5 6. Bg5 h6 7. Bh4 g5 8. Bg3 d6 9. e4 e6 10. Bd3 Nd7 11. Nc4 Qe7 12. Nfd2 Nxg3 13. hxg3 {0-1 (46) Andreikin,D (2743)-Grischuk,A (2747) ICC INT 2016}) 5... d5 6. e5 {A48: 1 d4 Nf6 2 Nf3 g6: Torre, London and Colle Systems} Ne4 (6... Nh5 $11 7. Be3 c5) 7. Bd3 $14 Nxd2 8. Qxd2 {White is slightly better.} (8. Kxd2 c5 $15) 8... Bg4 $146 ({Predecessor:} 8... b6 9. h4 h5 10. O-O c5 11. c3 Ba6 12. Bxa6 Nxa6 {1-0 (41) Graziani,S-Garcia Manuel,V Sao Paulo 2000}) 9. Be2 c5 10. c3 cxd4 11. cxd4 Nc6 12. O-O Qb6 13. Rfd1 Rac8 14. Rac1 e6 15. h3 Bxf3 $1 16. Bxf3 Rc7 17. Rc3 Rfc8 18. Be3 Bf8 19. a3 Na5 20. Rxc7 Rxc7 21. Be2 $1 Nc4 22. Bxc4 $1 Rxc4 23. Rc1 {Rxc4 is the strong threat.} Qb5 24. Rc3 a5 25. a4 $2 (25. b3 $11 Rc6 26. a4) 25... Qb4 $2 ({Worse is} 25... Rxa4 26. Rc8 $14) (25... Qxa4 $19 26. Qc1 b5) 26. Qc2 $11 b5 27. axb5 Qxb5 28. b3 Rxc3 29. Qxc3 h5 30. Qc8 Qxb3 31. Bh6 Qb4 {Black wants to play ...a4.} 32. Qa8 h4 (32... a4 {feels hotter.} 33. Bxf8 Qxf8 34. Qxa4 Qh6 35. Qa3 Qf4) 33. Bxf8 Qxf8 34. Qxa5 {[%mdl 4096] Endgame KQ-KQ} Qb8 35. Kh2 f6 36. f4 g5 37. Qc5 {And now Qe7 would win.} Kf7 38. Qc1 Qb3 39. Qc7+ Kg6 {Threatening ...Qg3+.} 40. exf6 {Threatens to win with Qg7+.} Qg3+ 41. Kh1 {Strongly threatening Qg7+.} Kxf6 42. fxg5+ (42. Qe5+ {is interesting.} Kf7 43. Qxg5 Qxg5 44. fxg5 Kg6 45. Kh2) 42... Qxg5 43. Kh2 Kg6 44. Qb8 Kg7 45. Qd6 Qf6 46. Qc5 Qf4+ 47. Kh1 Kg6 48. Qb6 Qc1+ 49. Kh2 Kf5 50. Qa7 Qf4+ 51. Kh1 Ke4 52. Qg7 (52. Qa6 $11 {remains equal.}) 52... Ke3 {( -> ...Kf2)} 53. Qg6 {[#]} (53. Qe7 $17 {might work better.}) 53... Qf1+ $1 $19 ({Much less strong is} 53... Kxd4 54. Qxe6 Qe4 55. Qc6 $15) 54. Kh2 {[#]} Qf5 $1 {[%cal Rf5g6]} ({Don't play} 54... Kxd4 55. Qxe6 Qf4+ 56. Kh1 $15) 55. Qg7 $2 (55. Qe8 $17) 55... Qf4+ 56. Kh1 Kf2 57. Qh8 Qc1+ {Precision: White = 61%, Black = 80%.} 0-1

[Event "4NCL Div 1 2018-19"]
[Site "Daventry"]
[Date "2018.11.10"]
[Round "1"]
[White "Sheremetyeva, Elizaveta"]
[Black "Martinez, Ayelen"]
[Result "0-1"]
[WhiteElo "1885"]
[BlackElo "2196"]
[Annotator "NA"]
[PlyCount "38"]
[EventDate "2018.11.10"]
[EventType "team-tourn"]
[EventCountry "GBR"]
[SourceTitle "playchess.com"]
[Source "ChessBase"]
[SourceQuality "1"]
[TimeControl "40/6000+30:3000+30"]

1. e4 {[%emt 0:00:00]} e5 {[%emt 0:00:00]} 2. f4 {[%emt 0:00:00]} exf4 {[%emt 0:00:14]} 3. Nf3 {[%emt 0:00:00]} Be7 {[%emt 0:00:07]} 4. Bc4 {[%emt 0:00:02]} Bh4+ {[%emt 0:00:14]} 5. Kf1 {[%emt 0:00:38]} d5 {[%emt 0:00:18]} 6. exd5 {[%emt 0:04:04]} Bg4 {[%emt 0:01:06]} 7. d3 {[%emt 0:02:05]} Qf6 {[%emt 0:03:38]} 8. Nc3 {[%emt 0:01:21]} Ne7 {[%emt 0:01:15]} 9. Ne4 {[%emt 0:03:17]} Qb6 {[%emt 0:00:56]} 10. Bxf4 {[%emt 0:03:44]} O-O {[%emt 0:01:44]} 11. Be5 {[%emt 0:05:28]} Nf5 {[%emt 0:01:06]} 12. Qd2 {[%emt 0:05:13]} Ne3+ {[%emt 0:01:15]} 13. Ke2 {[%emt 0:00:29]} Nxc4 {[%emt 0:02:13]} 14. dxc4 {[%emt 0:00:11]} Nd7 {[%emt 0:00:25]} 15. Bd4 {[%emt 0:02:22]} c5 {[%emt 0:08:15]} 16. Be3 {[%emt 0:07:39]} Rae8 {[%emt 0:04:10]} 17. Nf2 {[%emt 0:07:05]} Ne5 {[%emt 0:06:30]} 18. b3 {[%emt 0:03:23]} Qf6 {[%emt 0:04:18]} 19. Kf1 {[%emt 0:05:43]} Nxf3 {[%emt 0:01:10]} 0-1